30 największych miast Polski według powierzchni - Statystyki

Ogólne statystyki
  • Ten quiz został rozwiązany 1 009 razy
  • Średni wynik to 19 z 30
Statystyki odpowiedzi
Powierzchniaha Miasto % Poprawnych
51 724 Warszawa
100%
32 685 Kraków
99%
26 196 Gdańsk
97%
29 282 Wrocław
95%
26 191 Poznań
93%
30 055 Szczecin
93%
13 514 Gdynia
92%
16 464 Katowice
91%
29 325 Łódź
91%
10 213 Białystok
87%
14 747 Lublin
87%
17 598 Bydgoszcz
83%
11 572 Toruń
81%
11 636 Rzeszów
80%
27 832 Zielona Góra
78%
11 180 Radom
72%
10 965 Kielce
71%
15 971 Częstochowa
67%
13 388 Gliwice
57%
9 834 Koszalin
44%
12 451 Bielsko-Biała
42%
18 873 Dąbrowa Górnicza
31%
14 836 Rybnik
29%
10 922 Jelenia Góra
28%
19 723 Świnoujście
24%
10 268 Piła
22%
15 259 Jaworzno
14%
12 371 Kędzierzyn-Koźle
8%
11 601 Krynica Morska
5%
11 017 Wisła
5%
Nie znaleziono quizów pasujących do podanych kryteriów
Rozkład punktacji
Procent ludzi z każdym wynikiem
Percentyl według liczby udzielonych odpowiedzi
Twoja historia wyników
Nie rozwiązałeś tego quizu